000 00614nam a2200241Ia 4500
003 OSt
005 20221007101441.0
006 a|||||r|||| 00| 0
007 ta
008 221006b |||||||| |||| 00| 0 eng d
024 _a6,488
037 _cTextual
040 _aLCO
_cLCO
_beng
041 _2eng
_aeng
082 _aWw2,M75, L4
100 _aSAPRU TEJ BAHADUR
_9101544
245 0 _aWelding the Nation.
260 _aBombay
_bN. M. Tripathi
_c1974
300 _a289
650 _aWELDING
_9703016
942 _hWw2,M75, L4
_cTEXL
999 _c1176051
_d1176051